[Event "Utrecht OKU op 48th"]
[Site "Utrecht"]
[Date "2023.05.19"]
[Round "1"]
[White "Zwirs, Nico"]
[Black "Van Kuijk, Vadim"]
[Result "1-0"]
[WhiteElo "2447"]
[BlackElo "1984"]
[PlyCount "59"]
[EventDate "2023.05.19"]
[EventType "swiss"]
[EventRounds "6"]
[EventCountry "NED"]
[SourceTitle "CBM 214 Extra"]
[Source "ChessBase"]
[SourceDate "2023.07.31"]
[SourceVersion "1"]
[SourceVersionDate "2023.07.31"]
[SourceQuality "1"]

1. d4 d5 2. c4 c6 3. Nf3 Nf6 4. Nc3 e6 5. e3 Nbd7 6. Qc2 Bd6 7. b3 0-0 8. Be2 b6 9. 0-0 Bb7 10. Bb2 Qe7 11. Rad1 Rad8 12. Rfe1 Rfe8 13. Bf1 c5 14. cxd5 Nxd5 15. e4 Nb4 16. Qb1 cxd4 17. Nxd4 Ne5 18. h3 Bc5 19. Na4 Qg5 20. Re3 Bd6 21. a3 Nbc6 22. Rg3 Qf4 23. Bc1 Qh4 24. Bg5 Qh5 25. Be2 Ng4 26. Rxg4 Nxd4 27. Rxd4 Bxe4 28. Rdxe4 f5 29. Bxd8 fxg4 30. Bxg4 1-0

[Event "NED-ch U18"]
[Site "Almelo"]
[Date "2023.05.03"]
[Round "4"]
[White "De Winter, Arthur"]
[Black "Van Kuijk, Vadim"]
[Result "1-0"]
[WhiteElo "2374"]
[BlackElo "1968"]
[PlyCount "41"]
[EventDate "2023.04.30"]
[EventType "swiss"]
[EventRounds "7"]
[EventCountry "NED"]
[SourceTitle "CBM 214 Extra"]
[Source "ChessBase"]
[SourceDate "2023.07.31"]
[SourceVersion "1"]
[SourceVersionDate "2023.07.31"]
[SourceQuality "1"]

1. e4 c6 2. d4 d5 3. e5 Bf5 4. h4 h5 5. Bd3 Bxd3 6. Qxd3 Qa5+ 7. b4 Qxb4+ 8. Nd2 e6 9. Rb1 Qe7 10. Ne2 Nh6 11. Nf3 Nf5 12. Ng3 Nxg3 13. fxg3 f6 14. 0-0 c5 15. Ng5 f5 16. c4 Qd7 17. cxd5 Qxd5 18. Nxe6 Qxe6 19. d5 Qa6 20. Qxf5 Nd7 21. Bg5 1-0

[Event "Eindhoven WLC op 12th"]
[Site "Eindhoven"]
[Date "2022.05.15"]
[Round "6"]
[White "Dekker, Marvin"]
[Black "Van Kuijk, Vadim"]
[Result "0-1"]
[WhiteElo "2014"]
[BlackElo "1898"]
[PlyCount "66"]
[EventDate "2022.05.13"]
[EventType "swiss"]
[EventRounds "6"]
[EventCountry "NED"]
[SourceTitle "CBM 208 Extra"]
[Source "ChessBase"]
[SourceDate "2022.07.31"]
[SourceVersion "1"]
[SourceVersionDate "2022.07.31"]
[SourceQuality "1"]

1. Nh3 d5 2. g3 c5 3. Bg2 Nf6 4. 0-0 Nc6 5. c4 e6 6. cxd5 exd5 7. d3 Be7 8. Bg5 0-0 9. Nc3 d4 10. Bxf6 Bxf6 11. Ne4 b6 12. Nf4 Bb7 13. Qa4 Rc8 14. b4 cxb4 15. Nxf6+ Qxf6 16. Rfc1 a5 17. Rc2 Nd8 18. Rxc8 Bxc8 19. Rc1 Bb7 20. Bxb7 Nxb7 21. Qc6 Nc5 22. Qxf6 gxf6 23. Nd5 Na4 24. Nxf6+ Kg7 25. Nh5+ Kh6 26. Nf4 Nc3 27. Rc2 a4 28. Rb2 b3 29. a3 b5 30. e3 b4 31. axb4 Ra8 32. exd4 a3 33. Rxb3 a2 0-1

[Event "NED-ch U18"]
[Site "Almelo"]
[Date "2022.05.07"]
[Round "7"]
[White "Van Kuijk, Vadim"]
[Black "Roebers, Eline"]
[Result "0-1"]
[WhiteElo "1898"]
[BlackElo "2369"]
[PlyCount "62"]
[EventDate "2022.05.01"]
[EventType "swiss"]
[EventRounds "7"]
[EventCountry "NED"]
[SourceTitle "CBM 208 Extra"]
[Source "ChessBase"]
[SourceDate "2022.07.31"]
[SourceVersion "1"]
[SourceVersionDate "2022.07.31"]
[SourceQuality "1"]

1. e4 c5 2. Nf3 e6 3. d4 cxd4 4. Nxd4 Nc6 5. Nc3 Nf6 6. Ndb5 Bc5 7. Bf4 0-0 8. Bc7 Qe7 9. Bd6 Bxd6 10. Nxd6 a6 11. Be2 Ne8 12. Nxe8 Rxe8 13. 0-0 b5 14. Qd2 Bb7 15. Rad1 Red8 16. a3 Rac8 17. Qd6 Kf8 18. f4 Na5 19. Kh1 Nc4 20. Bxc4 Rxc4 21. Qb6 Bc6 22. Qe3 a5 23. f5 exf5 24. Qh3 Kg8 25. exf5 Qg5 26. Rf2 Re8 27. b3 Re3 28. Re2 Rcxc3 29. Rde1 Rxe2 30. Rxe2 Qc1+ 31. Re1 Qxe1# 0-1

[Event "NED-ch U18"]
[Site "Almelo"]
[Date "2022.05.04"]
[Round "4"]
[White "Van Kuijk, Vadim"]
[Black "Verheul, Job"]
[Result "1-0"]
[WhiteElo "1898"]
[BlackElo "1707"]
[PlyCount "67"]
[EventDate "2022.05.01"]
[EventType "swiss"]
[EventRounds "7"]
[EventCountry "NED"]
[SourceTitle "CBM 208 Extra"]
[Source "ChessBase"]
[SourceDate "2022.07.31"]
[SourceVersion "1"]
[SourceVersionDate "2022.07.31"]
[SourceQuality "1"]

1. e4 c6 2. d4 d5 3. exd5 cxd5 4. Bd3 Nc6 5. c3 Nf6 6. Bf4 Bg4 7. Qb3 Qd7 8. Nd2 e6 9. Ngf3 Bd6 10. Bxd6 Qxd6 11. 0-0 0-0 12. Rfe1 Ne7 13. Ne5 Bf5 14. Bxf5 Nxf5 15. Qxb7 Rab8 16. Qxa7 Rxb2 17. Nb3 h5 18. h3 Ne4 19. Rxe4 dxe4 20. Nc4 Qf4 21. Nxb2 e3 22. Nd3 exf2+ 23. Nxf2 Qg3 24. Rc1 Nh4 25. Qb7 Rb8 26. Qe4 f5 27. Nh1 Qg5 28. Qxe6+ Kh7 29. Rc2 Rb7 30. Re2 Ng6 31. Qe3 f4 32. Qd3 Rf7 33. Re5 Qh4 34. Nd2 1-0

[Event "Wachtebeke op"]
[Site "Wachtebeke"]
[Date "2022.03.03"]
[Round "9"]
[White "Van Kuijk, Vadim"]
[Black "Vandendriessche, Jan"]
[Result "0-1"]
[WhiteElo "1902"]
[BlackElo "2065"]
[PlyCount "112"]
[EventDate "2022.02.26"]
[EventType "swiss"]
[EventRounds "9"]
[EventCountry "BEL"]
[SourceTitle "CBM 207 Extra"]
[Source "ChessBase"]
[SourceDate "2022.05.31"]
[SourceVersion "1"]
[SourceVersionDate "2022.05.31"]
[SourceQuality "1"]

1. e4 g6 2. d4 Bg7 3. Nc3 d6 4. Be3 a6 5. Qd2 b5 6. h4 h5 7. 0-0-0 Bb7 8. Nh3 Nf6 9. f3 Nbd7 10. Ng5 e6 11. e5 Nd5 12. f4 N7b6 13. Nce4 b4 14. Bd3 a5 15. Nxf7 Kxf7 16. Ng5+ Ke7 17. Bxg6 Nc4 18. Qd3 Ncxe3 19. Rhe1 Qf8 20. exd6+ cxd6 21. Qe4 Nxd1 22. Nxe6 Nf2 23. Qe2 Qf6 24. Qb5 Rhb8 25. Nc5+ Kf8 26. Nd7+ Kg8 27. Nxf6+ Nxf6 28. Re7 Bd5 29. Qe2 N2g4 30. Bxh5 Nh6 31. Bg6 Bf7 32. Qd3 Re8 33. Rb7 Re1+ 34. Kd2 Rae8 35. Bxf7+ Nxf7 36. Qg6 R1e2+ 37. Kd3 R2e7 38. Rxe7 Rxe7 39. h5 Nh6 40. Kc4 Rc7+ 41. Kb5 Ra7 42. Kc6 d5 43. c4 dxc4 44. Qc2 Kh8 45. Qxc4 Rd7 46. Kb6 Rd5 47. f5 Rxf5 48. Qc8+ Kh7 49. Qc2 Nd5+ 50. Kc6 Ne3 51. Qe4 Neg4 52. d5 Nf6 53. Qd3 Kg8 54. d6 Rd5 55. Qc4 Nf7 56. d7 Nh6 0-1